Feathered Indians - Tyler Childers - Statistics

General Stats
  • This quiz has been taken 174 times
  • The average score is 195 of 242
Answer Stats
Answer % Correct
I
99%
i
99%
my
99%
on
99%
the
99%
a
98%
feathered
98%
in
98%
indian
98%
indians
98%
we
98%
an
96%
her
96%
of
96%
buckle
95%
impressions
95%
inside
95%
little
95%
thigh
95%
to
95%
makes
94%
there
94%
are
93%
she
93%
then
93%
up
93%
well
93%
Well
93%
have
92%
you"
92%
you
92%
and
91%
be
91%
night
91%
through
91%
hold
89%
home
89%
me
89%
angel
88%
back
88%
fucked
88%
get
88%
house
87%
id
87%
i'd
87%
too
87%
where
87%
wouldnt
87%
your
87%
came
86%
close
86%
if
86%
known
86%
religious
86%
was
86%
dear
85%
run
85%
sing
85%
song
85%
such
85%
tell
85%
ear
84%
love
84%
for
82%
softly
82%
will
82%
count
81%
stoned
81%
along
80%
always
80%
can
80%
how
80%
when
79%
bullets
78%
honey
78%
Honey
78%
runs
78%
across
76%
that
76%
river
74%
smokin
74%
west
74%
whispering
74%
bad
73%
fly
73%
just
73%
roof
73%
things
73%
spirits
72%
tonight
72%
true
72%
aint
71%
told
71%
leave
69%
"many
69%
now
69%
but
68%
said
68%
them
68%
Looking
67%
try
67%
virginia
67%
been
66%
over
66%
"anybody
65%
people
65%
tussled
65%
folks
64%
til
64%
asked
62%
behind"
62%
warned
62%
couldnt
59%
nothing
59%
several
59%
ya
59%
is
56%
heart
53%
go
52%
sweatin
52%
theres
52%
like
48%
minute
48%
rain
48%
out
47%
clouds
46%
calling
45%
more
45%
thicket
45%
from
44%
running
44%
circles
41%
careless
40%
wanting
40%
thorns
38%
though
35%
they
26%
itd
22%
raced
20%
Pull
19%
pull
19%
No matching quizzes found
Score Distribution
Percent of People with Each Score
Percentile by Number Answered
Your Score History
You have not taken this quiz